000 01484nam a2200445 i 4500
001 14402
003 KOSZ 005
005 20200420120413.0
008 070608s1972 pl a f 001 0 pol
015 _aPB 1972/5052
035 _a991035737879705066
035 _a(PL-WaBN)b19610178-48omnis_nlop
035 _ab19610178
035 _a(OCoLC)839113647
035 _a(PL)b0000001961017
035 _a(EXLNZ-48OMNIS_NETWORK)9910318048805606
040 _aWA N
_cWA N
_dKOSZ 005/RW
046 _k1972
080 _a513
100 1 _aSikorski, Roman
_d(1920-1983).
_eAutor
245 1 0 _aWstęp do geometrii różniczkowej /
_cRoman Sikorski.
260 _aWarszawa :
_bPaństwowe Wydawnictwo Naukowe,
_c1972.
300 _a369, [2] stron :
_berrata ;
_c25 cm.
336 _aTekst
_btxt
_2rdacontent
337 _aBez urządzenia posredniczącego
_bn
_2rdamedia
338 _aWolumin
_bnc
_2rdacarrier
380 _aKsiążki
388 _a1901-2000
490 1 _aBiblioteka Matematyczna ;
_vt. 42
500 _a1972 Międzynarodowy Rok Książki.
504 _aIndeks.
658 _aMatematyka
655 7 _aPodręcznik
_2DBN
650 7 _aGeometria różniczkowa
_2DBN
710 2 _aPaństwowe Wydawnictwo Naukowe
_4pbl.
830 0 _aBiblioteka Matematyczna,
_vt. 42
856 _uhttp://koha.tu.koszalin.pl/cgi-bin/koha/opac-detail.pl?biblionumber=14402
_yKatalog online BPK
942 _2UKD
_cKS
999 _c14402
_d14402